| 000 | 00644nam a2200253Ia 4500 | ||
|---|---|---|---|
| 008 | 180523s9999 xx 000 0 und d | ||
| 020 | _a81-8061-048-9 | ||
| 050 | _aMAIN QP 34.5 | ||
| 050 | _b.C43 2003 | ||
| 100 | _aChandramouli, R. | ||
| 245 | 0 | _aTextbook of physiology / | |
| 245 | 0 | _cR. Chandramouli. | |
| 250 | _a2nd Edition | ||
| 260 | _aNew Delhi : | ||
| 260 | _bJaypee Brothers Medical Publishers, | ||
| 260 | _c2003 | ||
| 300 | _a448 pages : | ||
| 300 | _billustrations ; | ||
| 300 | _c24 cm. | ||
| 500 | _aIncludes index. | ||
| 650 | _aHuman physiology. | ||
| 650 | _aPhsyiology. | ||
| 650 | _xMedical physiology. | ||
| 999 |
_c357579 _d357579 |
||